| 000 | 00591cam a2200193 i 4500 | ||
|---|---|---|---|
| 005 | 20260212101705.0 | ||
| 008 | 250721s1994 ua gr 000 j ara d | ||
| 020 | _a9770703249 | ||
| 082 | 1 | 4 |
_aق _bع ا ش |
| 100 | 1 |
_aعاشور، رضوى _eمؤلف. |
|
| 245 | 1 | 0 |
_aغرناطة / _cبقلم د. رضوى عاشور. |
| 264 | 3 | 1 |
_aالقاهرة : _bدار الهلال، _c1994. |
| 300 | _a312صفحة. | ||
| 490 | 0 | _aروايات الهلال ؛ | |
| 650 | 1 | 7 | _aالقصص العربية. |
| 830 | 0 | _aرويات الهلال. | |
| 942 |
_2ddc _cBK |
||
| 999 |
_c34423 _d34423 |
||